000 00881nam a2200229 a 4500
001 000021879
005 20200930011503.0
008 100914s19uu xxu 001 0 spa d
040 _aDO-SdBNP
_bspa
_cBNPHU
082 _axxxx
_bE792m
110 1 _aEstados Unidos
_bSecretaría de Agricultura
_bOficina de Industria Lechera.
_945408
245 1 0 _aManual de lechería para la América tropical /
_cH. E. Hodgson y O. E. Reed ; prólogo Charles F. Brannan.
260 _aWashington :
_bSecretaría de Estado de Estados Unidos,
_c[195?].
300 _a370 p. :
_bil., retrs. ;
_c24 cm.
490 1 _aPublicación TC
_v280
500 _aIncluye referencias bibliográficas y notas al pie de las páginas
700 1 _aHodgson, H. E.
_945409
700 1 _aReed, O. E.
_945410
700 1 _aBrannan, Charles F.
_epról.
_945411
830 0 _aPublicación TC
_v280
_945412
049 _aBNPD
999 _c21377
_d21377